[Event "Warsaw Maciei Memorial"]
[Site "Warsaw"]
[Date "2023.07.10"]
[Round "1"]
[White "Makarewicz, Pawel"]
[Black "Urych, Krzysztof"]
[Result "1-0"]
[WhiteElo "2185"]
[BlackElo "1537"]
[PlyCount "97"]
[EventDate "2023.07.10"]
[EventType "swiss (blitz)"]
[EventRounds "11"]
[EventCountry "POL"]
[SourceTitle "CBM 215 Extra"]
[Source "ChessBase"]
[SourceDate "2023.09.30"]
[SourceVersion "1"]
[SourceVersionDate "2023.09.30"]
[SourceQuality "1"]

1. e4 c5 2. a3 e6 3. b4 cxb4 4. axb4 d5 5. exd5 exd5 6. c3 Nf6 7. d4 Bd6 8. Bg5 h6 9. Bh4 0-0 10. Nf3 Bg4 11. Be2 Nbd7 12. 0-0 Re8 13. Nbd2 Qc7 14. Rc1 Ne4 15. Nxe4 dxe4 16. Nd2 Bxe2 17. Qxe2 Bxh2+ 18. Kh1 Bf4 19. c4 Nb6 20. c5 Nd5 21. b5 Bxd2 22. Qxd2 Qf4 23. Qxf4 Nxf4 24. Bg3 Ne2 25. Rcd1 Nxg3+ 26. fxg3 Rad8 27. d5 Re5 28. c6 bxc6 29. dxc6 Rc8 30. Rb1 e3 31. Rfe1 Kh7 32. Kg1 f5 33. Kf1 g5 34. Ke2 f4 35. gxf4 gxf4 36. Kf3 Rf5 37. Ke4 Rf7 38. Kf3 Kg6 39. Red1 Rf6 40. Rd7 Rf7 41. Rbd1 Rxd7 42. Rxd7 Kf6 43. Rxa7 Re8 44. Ra1 Rb8 45. Rb1 Ke6 46. Kxf4 Kd6 47. Kxe3 Kc5 48. Kf4 Rg8 49. g4 1-0

[Event "Warsaw Maciei Memorial"]
[Site "Warsaw"]
[Date "2022.07.08"]
[Round "5"]
[White "Makarewicz, Pawel"]
[Black "Dziuba, Marcin"]
[Result "0-1"]
[WhiteElo "2185"]
[BlackElo "2576"]
[PlyCount "62"]
[EventDate "2022.07.08"]
[EventType "swiss (blitz)"]
[EventRounds "11"]
[EventCountry "POL"]
[SourceTitle "CBM 209 Extra"]
[Source "ChessBase"]
[SourceDate "2022.09.30"]
[SourceVersion "1"]
[SourceVersionDate "2022.09.30"]
[SourceQuality "1"]

1. e4 c6 2. d4 d5 3. exd5 cxd5 4. Bd3 Nc6 5. c3 Qc7 6. Ne2 Bg4 7. f3 Bh5 8. Bf4 Qd7 9. Nd2 e6 10. a4 Bd6 11. Nb3 Nge7 12. Bxd6 Qxd6 13. 0-0 0-0 14. Qd2 Bg6 15. Bxg6 hxg6 16. Nc5 b6 17. Nd3 Na5 18. Ne5 f6 19. Nd3 Nb3 20. Qc2 Nxa1 21. Rxa1 g5 22. Qd2 a5 23. f4 gxf4 24. Nexf4 e5 25. Ne2 e4 26. Ndf4 g5 27. Nh5 Qe6 28. h4 Qg4 29. Neg3 gxh4 30. Qh6 hxg3 31. Rf1 Qg6 0-1

[Event "Warsaw Maciei Memorial"]
[Site "Warsaw"]
[Date "2022.07.08"]
[Round "4"]
[White "Wieckowski, Michal"]
[Black "Makarewicz, Pawel"]
[Result "0-1"]
[WhiteElo "1669"]
[BlackElo "2185"]
[PlyCount "72"]
[EventDate "2022.07.08"]
[EventType "swiss (blitz)"]
[EventRounds "11"]
[EventCountry "POL"]
[SourceTitle "CBM 209 Extra"]
[Source "ChessBase"]
[SourceDate "2022.09.30"]
[SourceVersion "1"]
[SourceVersionDate "2022.09.30"]
[SourceQuality "1"]

1. e4 e5 2. Qh5 Nc6 3. Bc4 g6 4. Qf3 Nf6 5. Ne2 Bg7 6. d3 d6 7. h3 Be6 8. Na3 a6 9. Bg5 h6 10. Bxf6 Qxf6 11. Qxf6 Bxf6 12. 0-0 0-0 13. f4 b5 14. Bb3 exf4 15. c3 g5 16. Kh2 Ne5 17. Rad1 Bxb3 18. axb3 Rfe8 19. Nd4 Nd7 20. Nf5 Kh7 21. Nc2 Nc5 22. b4 Na4 23. Rb1 a5 24. Rf2 Kg6 25. h4 Be5 26. Kh3 c5 27. bxc5 dxc5 28. d4 Bc7 29. h5+ Kh7 30. e5 b4 31. c4 Nb6 32. dxc5 Nxc4 33. Rd1 Nxe5 34. Ncd4 g4+ 35. Kh4 Bd8+ 36. Ne7 Bxe7# 0-1

[Event "Warsaw op"]
[Site "Warsaw"]
[Date "1993.??.??"]
[Round "1"]
[White "Yandemirov, Valeri"]
[Black "Makarewicz, Pawel"]
[Result "1-0"]
[WhiteElo "2465"]
[BlackElo "2210"]
[PlyCount "83"]
[EventDate "1993.??.??"]
[EventType "swiss"]
[EventRounds "9"]
[EventCountry "POL"]
[SourceTitle "TD"]
[Source "ChessBase"]
[SourceDate "1994.03.01"]
[SourceVersion "1"]
[SourceVersionDate "1994.03.01"]
[SourceQuality "1"]

1. e4 e5 2. Nf3 Nc6 3. Bb5 Nd4 4. Nxd4 exd4 5. Bc4 Nf6 6. 0-0 Nxe4 7. Bxf7+ Kxf7 8. Qh5+ g6 9. Qd5+ Kg7 10. Qxe4 Qf6 11. d3 c6 12. Bf4 d5 13. Qe5 Kf7 14. Qxf6+ Kxf6 15. Re1 Kf7 16. Be5 Bg7 17. Nd2 Bf5 18. Nb3 c5 19. Bxg7 Kxg7 20. Re7+ Kf6 21. Rxb7 Rhc8 22. Rxh7 c4 23. Nxd4 cxd3 24. cxd3 Bxd3 25. Rh3 Be4 26. Re3 Rc4 27. Rd1 Rac8 28. f3 Bc2 29. Rd2 Bb1 30. Re6+ Kf7 31. Ra6 R8c7 32. Kf2 Bf5 33. Nxf5 gxf5 34. Rxd5 Rc2+ 35. Kg3 f4+ 36. Kxf4 Rxg2 37. Rda5 Rc4+ 38. Kf5 Rxh2 39. Rxa7+ Ke8 40. Ra8+ Ke7 41. R5a7+ Kd6 42. Rd8+ 1-0